00987 2200325 4500001002100000005001500021035002000036007000300056008004100059020002200100040002200122082001700144084001900161090002300180090002200203100004100225245010000266250002500366300002800391650001800419850001200437504003300449264003900482336002100521337003000542338002300572999002200595990002200617990002200639INLIS00000000085681020210301112830 a0010-0221000128ta210218 yoia gr 0 0 0 ind d a978-602-5411-44-1 aYOPDYOGbinderda04223a001.4225 a001.4225 PUR a aDEP 001.4225 PUR a aCB-D.11 2020-03330 aPurwo Setiyo Nugrohod1993-epenulis10aAnalisis data penelitian bidang kesehatan /cpenulis, Purwo Setiyo Nugroho; ilustrator, Andy Gp aCetakan pertama 2020 ax, 164 halaman ;c23 cm 4aAnalisis data aYOPDYOG aBibliografi: halaman 163-16431aSleman :bGosyen Publishing,c2020 2rdacontentateks 2rdamediaatanpa perantara 2rdacarrieravolume aCB-D.11/2020-0333 aCB-D.11/2020-0333 aCB-D.11/2020-0333